Géographie - Villes de la région Occitanie - Clic Quiz - Statistiques

Statistiques générales
  • Ce quiz a été pris 36 fois
    27 depuis la dernière actualisation
  • Le résultat moyen est 48 sur 97
Statistiques - réponses
Hint Réponse % Correct
Les Angles (arrondissement de Nîmes) Gard
88%
Perpignan Pyrénées-Orientales
88%
Nîmes Gard
82%
Tarbes Hautes-Pyrénées
82%
Montpellier Hérault
82%
Béziers Hérault
82%
Sète Hérault
82%
Clermont-l'Hérault Hérault
82%
Cahors Lot
82%
Foix Ariège
76%
Carcassonne Aude
76%
Millau Aveyron
76%
Lourdes Hautes-Pyrénées
76%
Agde Hérault
76%
La Grande-Motte Hérault
76%
Argelès-sur-Mer Pyrénées-Orientales
76%
Narbonne Aude
71%
Alès Gard
71%
Auch Gers
71%
Canet-en-Roussillon Pyrénées-Orientales
71%
Montauban Tarn-et-Garonne
71%
Pamiers Ariège
65%
Rodez Aveyron
65%
Villeneuve-lès-Avignon Gard
65%
Uzès Gard
65%
Toulouse Haute-Garonne
65%
Muret Haute-Garonne
65%
Blagnac Haute-Garonne
65%
Portet-sur-Garonne Haute-Garonne
59%
Lunel Hérault
59%
Mende Lozère
59%
Saint-Cyprien Pyrénées-Orientales
59%
Les Angles (arrondissement de Prades) Pyrénées-Orientales
59%
Albi Tarn
59%
Castelnaudary Aude
53%
Onet-le-Château Aveyron
53%
L'Isle-Jourdain Gers
53%
Colomiers Haute-Garonne
53%
Castanet-Tolosan Haute-Garonne
53%
Frontignan Hérault
53%
Figeac Lot
53%
Saint-Laurent-de-la-Salanque Pyrénées-Orientales
53%
Castres Tarn
53%
Lézignan-Corbières Aude
47%
Limoux Aude
47%
Bagnols-sur-Cèze Gard
47%
Tournefeuille Haute-Garonne
47%
Saint-Gaudens Haute-Garonne
47%
Villeneuve-Tolosane Haute-Garonne
47%
Mèze Hérault
47%
Rivesaltes Pyrénées-Orientales
47%
Moissac Tarn-et-Garonne
47%
Pont-Saint-Esprit Gard
41%
Le Grau-du-Roi Gard
41%
Balma Haute-Garonne
41%
L'Union Haute-Garonne
41%
Auterive Haute-Garonne
41%
Saint-Lys Haute-Garonne
41%
Castelnau-le-Lez Hérault
41%
Mauguio Hérault
41%
Lattes Hérault
41%
Villeneuve-lès-Maguelone Hérault
41%
Saint-Jean-de-Védas Hérault
41%
Saint-Estève Pyrénées-Orientales
41%
Pia Pyrénées-Orientales
41%
Elne Pyrénées-Orientales
41%
Mazamet Tarn
41%
Beaucaire Gard
35%
Plaisance-du-Touch Haute-Garonne
35%
Ramonville-Saint-Agne Haute-Garonne
35%
Fonsorbes Haute-Garonne
35%
Saint-Jean Haute-Garonne
35%
Castelginest Haute-Garonne
35%
Seysses Haute-Garonne
35%
Pibrac Haute-Garonne
35%
Le Crès Hérault
35%
Lavaur Tarn
35%
Aigues-Mortes Gard
29%
Cugnaux Haute-Garonne
29%
Saint-Orens-de-Gameville Haute-Garonne
29%
Léguevin Haute-Garonne
29%
Frouzins Haute-Garonne
29%
Pérols Hérault
29%
Cabestany Pyrénées-Orientales
29%
Gaillac Tarn
29%
Graulhet Tarn
29%
Carmaux Tarn
29%
Castelsarrasin Tarn-et-Garonne
29%
Villefranche-de-Rouergue Aveyron
24%
Saint-Gilles Gard
24%
Vauvert Gard
24%
Marguerittes Gard
24%
Revel Haute-Garonne
24%
Grenade Haute-Garonne
24%
Juvignac Hérault
24%
Saint-Gély-du-Fesc Hérault
24%
Saint-Sulpice-la-Pointe Tarn
12%
Aucun quiz correspondant
Distribution des résultats
% des personnes avec chaque résultat
Percentile par nombre de réponses
Votre historique - résultats
Vous n’avez pas pris ce quiz depuis la dernière actualisation